Днешният дълг на българката (Запис номер 374990)
[ съкратено ]
| 000 -Лидер | |
|---|---|
| Контролно поле с фиксирана дължина | nam a22 a 4500 |
| 003 - Код на организацията, давaща контролен номер | |
| Контролно поле | BLK |
| 005 - Дата и час на последна редакция | |
| Контролно поле | 20221208031014.0 |
| 008 - Елементи от данни с фиксирана дължина | |
| fixed length control field | 180409b bul|||||r ||||||| ||bul|| |
| 010 ## - Наследен системен номер | |
| LC control number | KNG00138369000 |
| 040 ## - Източник на каталожния запис | |
| Идентификатор на билиотеката - собственик на записа | BLK |
| 041 ## - Код за език | |
| Код за езика на текст/звукозапис или на отделно заглавие | Български |
| Код за езика КДБФ | Български |
| 080 ## - УДК | |
| Текстов определител УДК | Женско движение. Женски въпрос. Обществено положение на жената. Равноправие на жената 396 |
| УДК код - определител по УДК | 396 |
| УДК - код + определител | 396 |
| 100 1# - Редна дума - Автор | |
| Автор | Станев, Никола |
| Авторска отговорност | първи автор |
| R(LIN) | 123350 |
| 139 ## - Редно поле | |
| Редна дума | Станев, Никола и др. |
| 245 10 - Сведения за заглавието | |
| Заглавие | Днешният дълг на българката |
| Подзаглавни данни | Речи |
| 257 ## - Страна на издаване | |
| Страна на създаване/издаване | България |
| 260 ## - Област на издателските данни | |
| Година на издаване | 1923 |
| Място на издаване, разпространение и проч. | София |
| 9 (RLIN) | 418296 |
| Име на издателя, разпространителя и проч. | в. Женски глас |
| Печатница | (В. Търново : Д. Найденов) |
| 300 ## - Физическа характеристика | |
| Страници | 24 с. |
| Размери/Мащаб | 25 см |
| 380 ## - Жанр | |
| Жанр | Обществени науки |
| 500 ## - Общи забележки | |
| Забележка | Отпеч. от в. Женски глас, 1923, N 10-11, 1 март 1923. - Съдържа речи |
| 505 ## - Форматирана забележка | |
| Авторската отговорност | Никола Станев. |
| Заглавие | Мирът като фактор на напредъка |
| 505 ## - Форматирана забележка | |
| Авторската отговорност | Димитрана Иванова. |
| Заглавие | Българката пред събитията |
| 505 ## - Форматирана забележка | |
| Авторската отговорност | Димитър Мишев. |
| Заглавие | Нашите врагове |
| 650 #0 - Допълнително описание по предмет – тема | |
| Основно описание – тема или топоним | Женско движение |
| 9 (RLIN) | 267271 |
| 653 #7 - Ключова дума – ненормативна | |
| 9 (RLIN) | 195537 |
| Ключова дума | речи |
| 700 ## - Други автори (авторска отговорност) | |
| Лично име | Мишев, Димитър |
| Автороска отговорност (Описва отношението между автора и произведението) | съавт. |
| 9 (RLIN) | 1445 |
| 852 ## - Местоположение | |
| Форматна сигнатура | Цб 177137 |
| 856 4# - Електронен адрес и достъп | |
| Електронен формат | pdf - файл |
| 999 ## - СИСТЕМНИ КОНТРОЛНИ НОМЕРА | |
| Koha biblionumber | 374990 |
| Koha biblioitemnumber | 374990 |
| 942 ## - АРТИКУЛИ | |
| Вид на библиотечния материал | Книги |
| Скрит в OPAC | Не |
| Периодичен библиозапис | Да |
| 944 ## - СЪЗДАВАНЕ И РЕДАКЦИЯ на ЗАПИСА | |
| Създаване/Редакция | Създаване |
| Дата на регистрацията/редакция | 2020-07-14 |
| Служител, извършил регистрацията/редакцията | Ренета Константинова |
| 999 ## - СИСТЕМНИ КОНТРОЛНИ НОМЕРА | |
| Koha biblioitemnumber | 374982 |
| Код за отписване | Код за изгубен артикул | Източник на класификационната схема | Код за повреда | Коз за рестрикции | Код за отдаване | Артикулен № | Име на библиотеката - собственик | Име на библиотеката, в която се намира в момента | Статус (Текущо местоположение) | Дата на вписване в системата | Местоположение - отдел | Цена в лева | Инвентарен номер | Систематично азбучна сигнатура | Баркод | Цена в евро | Служебен тип на артикула |
|---|---|---|---|---|---|---|---|---|---|---|---|---|---|---|---|---|---|
| Не е изгубен | Universal Decimal Classification | Не е повреден | без рестрикции | ползва се в читалня | 784227 | Регионална библиотека "Любен Каравелов" Русе | Регионална библиотека "Любен Каравелов" Русе | Хранилище | 2020-07-16 | Хранилище | 3.00 | 594788 | Цб 177137 | 120000594788 | 1.53 | Книги |